000
00210nam a22000857a 4500
999
_c
7101
_d
7101
008
170626b xxu||||| |||| 00| 0 eng d
020
_a
9788120335189
100
_9
3685
_a
Bhatnagor. S
245
_a
Computer Science XII
260
_a
New Delhi
_c
2008